| 000 | 00454nam a2200169Ia 4500 | ||
|---|---|---|---|
| 008 | 220216s9999 xx 000 0 und d | ||
| 100 | _aSatpute Ravindra S | ||
| 245 | 0 | _aPolyaniline coating on nitrile rubber surface | |
| 260 |
_bJournal of Polymer Materials _c2000 |
||
| 300 | _a97-99 | ||
| 650 | _aNitrile rubber | ||
| 650 | _aPolyaniline coating | ||
| 700 | _aDeb Pramil C | ||
| 700 | _aPatankar Anil S | ||
| 700 | _aSamui Asit B | ||
| 942 | _cJS | ||
| 999 |
_c65228 _d65228 |
||